Datum a čas kvízu
21
Celkem bodů
Celkový počet nahraných bodů na tomto kvízu bez doplňovacích otázek.
8.
Pořadí na kvízu
Konečné umístění týmu na tomto kvízu.
Zaznamenané odpovědi
| # | Otázka | Odpověď | Body | Výsledky |
|---|---|---|---|---|
| 1. | Český internet se minulý týden... | Marta Nováková | 1 | |
| 2. | Nedostačují Vám čísla a písmen... | smajlíky (emotikony) | 1 | |
| 3. | Svět módy přišel v úterý o svo... | C | 1 | |
| 4. | V úterý byla v České republice... | Apple Pay | 1 | |
| 5. | Kterému z těchto týmů se nepod... | C | 0 | |
| 6. | Cestovatel Miroslav Zikmund os... | Tatra 87 | 1 | |
| 7. | Na začátku své výpravy, dne 8.... | Casablanca, Maroko | 1 | |
| 8. | Dne 28. ledna 1948 vztyčili ce... | C | 1 | |
| 9. | V prvním červencovém týdnu se... | Copacabana | 0 | |
| 10. | Kdo by se chtěl o výpravách ob... | ve Zlíně | 0 |